El darwinismo en España e Iberoamérica / (Registro nro. 34157)
[ vista simple ]
| 000 -LEADER | |
|---|---|
| fixed length control field | 01345cam a2200385 i 4500 |
| 001 - CONTROL NUMBER | |
| control field | 34157 |
| 003 - CONTROL NUMBER IDENTIFIER | |
| control field | Mx-PuUPA |
| 005 - DATE AND TIME OF LATEST TRANSACTION | |
| control field | 20260219104051.0 |
| 008 - FIXED-LENGTH DATA ELEMENTS--GENERAL INFORMATION | |
| fixed length control field | 140415s1999 sp gr 000 0 spa d |
| 017 ## - COPYRIGHT OR LEGAL DEPOSIT NUMBER | |
| Copyright or legal deposit number | M-45.000-1999 |
| 020 ## - INTERNATIONAL STANDARD BOOK NUMBER | |
| International Standard Book Number | 8489796092 |
| 020 ## - INTERNATIONAL STANDARD BOOK NUMBER | |
| International Standard Book Number | 840007856 X |
| 040 ## - CATALOGING SOURCE | |
| Original cataloging agency | Mx-PuUPA |
| Language of cataloging | spa |
| Transcribing agency | Mx-PuUPA |
| Modifying agency | Mx-PuUPA |
| Description conventions | rda |
| 041 0# - LANGUAGE CODE | |
| Language code of text/sound track or separate title | spa |
| 043 ## - GEOGRAPHIC AREA CODE | |
| Geographic area code | cl----- |
| 043 ## - GEOGRAPHIC AREA CODE | |
| Geographic area code | e-sp--- |
| 245 03 - TITLE STATEMENT | |
| Title | El darwinismo en España e Iberoamérica / |
| Statement of responsibility, etc. | Thomas F. Glick, Rosaura Ruiz y Miguel Ángel Puig-Samper, editores |
| 264 #1 - PRODUCTION, PUBLICATION, DISTRIBUTION, MANUFACTURE, AND COPYRIGHT NOTICE | |
| Place of production, publication, distribution, manufacture | México, D.F.: |
| Name of producer, publisher, distributor, manufacturer | Universidad Nacional Autónoma de México, |
| Date of production, publication, distribution, manufacture, or copyright notice | 1999 |
| 300 ## - PHYSICAL DESCRIPTION | |
| Extent | 333 páginas ; |
| Dimensions | 24 cm |
| 336 ## - CONTENT TYPE | |
| Fuente | rdacontent |
| Content type term | texto |
| Content type code | txt |
| 337 ## - MEDIA TYPE | |
| Source | rdamedia |
| Media type term | sin medio |
| Media type code | n |
| 338 ## - CARRIER TYPE | |
| Source | rdacarrier |
| Carrier type term | volumen |
| Carrier type code | nc |
| 490 0# - SERIES STATEMENT | |
| Series statement | Colección Actas |
| 600 14 - SUBJECT ADDED ENTRY--PERSONAL NAME | |
| Personal name | Darwin, Charles, |
| Dates associated with a name | 1809-1882 |
| 9 (RLIN) | 906 |
| 650 #7 - SUBJECT ADDED ENTRY--TOPICAL TERM | |
| 9 (RLIN) | 13986 |
| Source of heading or term | armarc |
| Topical term or geographic name entry element | Evolución (Biología) |
| Geographic subdivision | España |
| General subdivision | Historia |
| 650 #7 - SUBJECT ADDED ENTRY--TOPICAL TERM | |
| Source of heading or term | armarc |
| Topical term or geographic name entry element | Evolución (Biología) |
| Geographic subdivision | América Latina |
| General subdivision | Historia |
| 650 #7 - SUBJECT ADDED ENTRY--TOPICAL TERM | |
| Source of heading or term | armarc |
| Topical term or geographic name entry element | Darwinismo |
| Geographic subdivision | Latinoamérica |
| 650 #7 - SUBJECT ADDED ENTRY--TOPICAL TERM | |
| Source of heading or term | armarc |
| Topical term or geographic name entry element | Darwinismo |
| General subdivision | España |
| 700 1# - ADDED ENTRY--PERSONAL NAME | |
| Personal name | Glick, Thomas F., |
| Dates associated with a name | 1939- |
| Relator term | editor |
| 9 (RLIN) | 772 |
| 700 1# - ADDED ENTRY--PERSONAL NAME | |
| Personal name | Ruiz, Rosaura, |
| Relator term | editor |
| 9 (RLIN) | 260 |
| 700 1# - ADDED ENTRY--PERSONAL NAME | |
| Personal name | Puig-Samper, Miguel Ángel, |
| Relator term | editor |
| 942 ## - ADDED ENTRY ELEMENTS (KOHA) | |
| Source of classification or shelving scheme | Dewey Decimal Classification |
| Koha item type | Libro |
| Classification part | 576.80946 |
| Item part | D23 |
| Withdrawn status | Lost status | Source of classification or shelving scheme | Damaged status | Not for loan | Collection code | Home library | Current library | Shelving location | Date acquired | Source of acquisition | Total Checkouts | Full call number | Barcode | Price effective from | Koha item type |
|---|---|---|---|---|---|---|---|---|---|---|---|---|---|---|---|
| Dewey Decimal Classification | En catalogación | General | Centro de Estudios en Ciencia y Religión | Centro de Estudios en Ciencia y Religión | Sala general | 03/12/2013 | Compra | 576.80946 D23 1999 | 47329 | 03/12/2013 | Libro |